<The> startup checklist 25 steps to a scalable, high-growth business

Saved in:
Bibliographic Details
Main Author: Rose, David S.
Format: Book
Language:English
Published: Hoboken Wiley 2016
Subjects:
Tags: Add Tag
No Tags, Be the first to tag this record!

MARC

LEADER 00000nam a2200000 4500
001 0217289
005 20221107101233.1
020 |a 978-1-119-16379-4 
041 0 |a eng 
044 |a US 
245 1 0 |a <The> startup checklist  |b 25 steps to a scalable, high-growth business  |c David S. Rose 
264 1 |a Hoboken  |b Wiley  |c 2016 
300 |a 306 s. 
610 2 0 |a podnikanie 
610 2 0 |a založenie podniku 
610 2 0 |a start-up 
610 2 0 |a stratégia podniková 
610 2 0 |a investovanie 
610 2 0 |a poradenstvo 
100 1 |a Rose, David S.